| 000 | 01387cam a2200337 a 4500 | ||
|---|---|---|---|
| 001 | 000002551 | ||
| 005 | 20200929150218.0 | ||
| 008 | 920113s1991 pr a b 001 0bspa | ||
| 040 |
_aDO-SdBNP _bspa _cBNPHU |
||
| 082 |
_a923.27295 _bA338 |
||
| 245 | 0 | 0 |
_aPedro Albizu Campos : _breflexiones sobre su vida y su obra / _censayos de Margot Arce de Vázquez ... [et al.], y una selección de reseñas periodísticas sobre su muerte y entierro ; editores Ruth Vassallo y José Antonio Torres Martinó. |
| 260 |
_aRío Piedras, P.R. : _bMarién, _c1991. |
||
| 300 |
_a223 p. : _bil. ; _c23 cm. |
||
| 600 | 1 | 4 |
_aALBIZU CAMPOS, PEDRO _d1891-1965. _98023 |
| 651 | 4 |
_aPuerto Rico _xPolítica Y Gobierno _y1898-1952. _98024 |
|
| 650 | 4 |
_aNacionalistas _zPuerto Rico _xBiografía _98025 |
|
| 700 | 1 |
_aArce de Vázquez, Margot _98026 |
|
| 700 | 1 |
_aCarrera Benítez, Carlos _98027 |
|
| 700 | 1 |
_aBrás, Juan Mari _98028 |
|
| 700 | 1 |
_aRivera Sotomayor, José _98029 |
|
| 700 | 1 |
_aRodríquez Otero, Eladio _98030 |
|
| 700 | 1 |
_aBruno, Miñi Seijo _98031 |
|
| 700 | 1 |
_aPicó, Isabel _98032 |
|
| 700 | 1 |
_aAyoroa Santaliz, José Enrique _98033 |
|
| 700 | 1 |
_aMarinello, Juan _98034 |
|
| 700 | 1 |
_aFalcón, Luis Nieves _98035 |
|
| 700 | 1 |
_aMaldonado Denis, Manuel _98036 |
|
| 700 | 1 |
_aFerrer Canales, José _98037 |
|
| 700 | 1 |
_aVassallo, Ruth _eed. _98038 |
|
| 700 | 1 |
_aTorres Martinó, José Antonio _eed. _98039 |
|
| 999 |
_c2387 _d2387 |
||